=LDR 00000nam 2200000 4500 =001 INLIS000000000024055 =005 20130612122651 =008 ***********************************Ind** =035 ##$$0010-061300000024055 =041 ##$$a Ind =082 ##$$a 028.5 =090 ##$$a 028.5, Kaa t =100 ##$$a Al-Kaat, Abdullah Zakiy =245 ##$$a Tidur seratus tahun, Abdullah Zakiy Al-Kaat =260 ##$$a 2000 $b Bandung =300 ##$$a 71 hlm, ilus, 31 cm =650 ##$$a Bacaan anak-anak =850 ##$$a NBPNMAT =990 ##$$a 13551355